[Event "DEM U12 2017"]
[Site "Willingen GER"]
[Date "2017.06.07"]
[Round "6"]
[White "Tran, Minh Dat"]
[Black "Grabbel, Torben Frederik"]
[Result "1-0"]
[Termination "normal"]
[Board "27"]
[WhiteElo "1403"]
[BlackElo "1411"]
[PlyCount "85"]
[WhiteFideId "16244702"]
[BlackFideId "16219180"]
[EventCountry "GER"]
[EventRounds "11"]
[EventType "swiss"]
[EventDate "2017.06.03"]

1. d4 d5 2. Nf3 Nf6 3. c4 c6 4. Bf4 e6 5. c5 Nbd7 6. e3 Be7 7. Be2 O-O 8. O-O
h6 9. Nc3 b6 10. b4 bxc5 11. bxc5 Re8 12. Qa4 Bb7 13. Rab1 Qc8 14. Qb4 Ba6 15.
Bxa6 Qxa6 16. Qa4 Qxa4 17. Nxa4 Rec8 18. h3 Ne4 19. Rfc1 Bd8 20. Rb7 Nf8 21.
Nc3 Nf6 22. Rcb1 Ng6 23. Bh2 Ba5 24. Ne2 Ne8 25. Ne5 Nxe5 26. Bxe5 Bc7 27. Bxc7
Nxc7 28. Nc1 Ne8 29. Re7 Rc7 30. Rb7 Rxe7 31. Rxe7 Kf8 32. Rb7 g6 33. Nd3 f6
34. Nf4 g5 35. Nxe6+ Kg8 36. Nc7 Rc8 37. Nxe8 Rxe8 38. Rxa7 Rc8 39. a4 Re8 40.
a5 h5 41. a6 h4 42. Rb7 Kf8 43. a7 1-0